[Event "Bundesliga 2021-22"]
[Site "Munich GER"]
[Date "2022.04.09"]
[Round "3.8"]
[Board "5"]
[White "Fedorchuk, Sergey A."]
[Black "Georgiadis, Nico"]
[Result "1/2-1/2"]
[WhiteTitle "GM"]
[BlackTitle "GM"]
[WhiteElo "2604"]
[BlackElo "2562"]
[WhiteTeam "SC Viernheim"]
[BlackTeam "FC Bayern Muenchen"]
[WhiteFideId "14102536"]
[BlackFideId "1300113"]
[EventDate "2022.03.05"]

1. e4 e5 2. Nf3 Nc6 3. Bc4 Bc5 4. d3 Nf6 5. O-O d6 6. c3 O-O 7. Re1 a5 8. h3 Be6
9. Bb5 Ba7 10. Nbd2 Ne7 11. Nf1 Ng6 12. Ng3 c6 13. Ba4 d5 14. exd5 Nxd5 15. d4
exd4 16. Nxd4 Bxd4 17. Qxd4 Ndf4 18. Re4 Nd3 19. Bb3 Qxd4 20. Rxd4 Rfd8 21.
Rxd8+ Rxd8 22. Bg5 Re8 23. Bxe6 Rxe6 24. Rd1 h6 25. Rxd3 hxg5 26. Rd8+ Kh7 27.
Kf1 b5 28. Nf5 Ne5 29. b3 g4 30. hxg4 Nxg4 31. Rd6 Rxd6 32. Nxd6 Kg6 33. c4 b4
34. Nb7 Kf5 35. Nxa5 Ne5 36. Ke2 Ke4 37. Nb7 Kd4 38. Kd2 g6 39. Nd6 f5 40. Nc8
f4 41. Nd6 f3 42. gxf3 Nxf3+ 43. Ke2 Ng1+ 44. Kf1 Nf3 45. Ke2 Ng1+ 46. Kd2 Nf3+
47. Kc2 Ne1+ 48. Kd2 1/2-1/2

[Event "Bundesliga 2021-22"]
[Site "Munich GER"]
[Date "2022.04.09"]
[Round "3.8"]
[Board "6"]
[White "Kurmann, Oliver"]
[Black "Braun, Arik"]
[Result "1-0"]
[WhiteTitle "IM"]
[BlackTitle "GM"]
[WhiteElo "2462"]
[BlackElo "2587"]
[WhiteTeam "FC Bayern Muenchen"]
[BlackTeam "SC Viernheim"]
[WhiteFideId "1308173"]
[BlackFideId "4663527"]
[EventDate "2022.03.05"]

1. e4 c6 2. d4 d5 3. Nd2 dxe4 4. Nxe4 Bf5 5. Ng3 Bg6 6. Nh3 e6 7. Nf4 Qh4 8.
Nge2 Be4 9. Ng3 Bg6 10. Be3 Nf6 11. Qd2 Bd6 12. O-O-O Nbd7 13. f3 Bxf4 14. Bxf4
h6 15. c4 b5 16. Bd6 bxc4 17. Bxc4 Nb6 18. Ba6 Rd8 19. Ba3 Nbd5 20. Rhe1 Qxh2
21. Ne4 Qc7 22. b3 h5 23. Kb2 h4 24. Rc1 Qb6 25. Bf1 Nxe4 26. fxe4 Nf6 27. Bc5
Qc7 28. Bd3 Nd7 29. Ba3 Qb6 30. Qc3 Rh5 31. d5 Ne5 32. Be2 Rg5 33. dxc6 f6 34.
c7 Rc8 35. Bf1 Rg3 36. Qc2 Qd4+ 37. Kb1 Re3 38. Rxe3 Qxe3 39. Bb5+ Kf7 40. Ba6
Bxe4 41. Bxc8 Bxc2+ 42. Rxc2 Qe1+ 43. Bc1 1-0

[Event "Bundesliga 2021-22"]
[Site "Munich GER"]
[Date "2022.04.09"]
[Round "3.8"]
[Board "7"]
[White "Wagner, Dennis"]
[Black "Fedorovsky, Michael"]
[Result "1/2-1/2"]
[WhiteTitle "GM"]
[BlackTitle "IM"]
[WhiteElo "2584"]
[BlackElo "2397"]
[WhiteTeam "SC Viernheim"]
[BlackTeam "FC Bayern Muenchen"]
[WhiteFideId "24650684"]
[BlackFideId "14105454"]
[EventDate "2022.03.05"]

1. d4 Nf6 2. c4 e6 3. Nf3 d5 4. g3 Be7 5. Bg2 O-O 6. Qd3 b6 7. cxd5 exd5 8. Nc3
c5 9. dxc5 bxc5 10. O-O Ba6 11. Qc2 Nc6 12. Bg5 Nb4 13. Qd2 d4 14. Bxf6 Bxf6 15.
Ne4 Be7 16. a3 Nc6 17. Rfe1 Qb6 18. Qc2 Rab8 19. Neg5 d3 20. exd3 Qxb2 21. Qa4
Rb6 22. Qe4 g6 23. h4 Qc3 24. d4 Bd3 25. Qd5 Bc4 26. Qe4 Bd3 27. Qd5 Bc4 28. Qe4 1/2-1/2

[Event "Bundesliga 2021-22"]
[Site "Augsburg GER"]
[Date "2022.04.10"]
[Round "4.1"]
[Board "1"]
[White "Nisipeanu, Liviu-Dieter"]
[Black "Fressinet, Laurent"]
[Result "1-0"]
[WhiteTitle "GM"]
[BlackTitle "GM"]
[WhiteElo "2652"]
[BlackElo "2630"]
[WhiteTeam "USV TU Dresden"]
[BlackTeam "SV Werder Bremen"]
[WhiteFideId "1202758"]
[BlackFideId "608742"]
[EventDate "2022.03.05"]

1. d4 Nf6 2. c4 e6 3. Nc3 d5 4. Bg5 Be7 5. e3 h6 6. Bh4 dxc4 7. Bxc4 c5 8. Nf3
cxd4 9. Nxd4 Bd7 10. Qe2 O-O 11. Rd1 Qc8 12. g4 Nc6 13. g5 Nxd4 14. Rxd4 hxg5
15. Bxg5 b5 16. Bb3 b4 17. Ne4 Nxe4 18. Bxe7 Re8 19. Bh4 Bc6 20. Rg1 e5 21. Qh5 1-0

[Event "Bundesliga 2021-22"]
[Site "Augsburg GER"]
[Date "2022.04.10"]
[Round "4.1"]
[Board "2"]
[White "Areshchenko, Alexander"]
[Black "Bartel, Mateusz"]
[Result "1-0"]
[WhiteTitle "GM"]
[BlackTitle "GM"]
[WhiteElo "2670"]
[BlackElo "2616"]
[WhiteTeam "SV Werder Bremen"]
[BlackTeam "USV TU Dresden"]
[WhiteFideId "14109530"]
[BlackFideId "1112635"]
[EventDate "2022.03.05"]

1. e4 c6 2. d4 d5 3. e5 c5 4. Nf3 cxd4 5. Nxd4 Nc6 6. Nxc6 bxc6 7. Bd3 Qc7 8.
Qe2 e6 9. Nd2 Ne7 10. Nf3 c5 11. c3 Nc6 12. O-O Be7 13. Re1 h6 14. h4 Rb8 15. h5
Qa5 16. Nh2 Kd7 17. Qg4 Bb7 18. Nf3 g5 19. hxg6 fxg6 20. Bxg6 h5 21. Qh3 Qa4 22.
b4 Rbg8 23. Bf7 Nd8 24. Bxg8 Rxg8 25. bxc5 d4 26. cxd4 Rg4 27. Rb1 Bd5 28. Rb3
Nc6 29. Be3 Kc7 30. Reb1 Na5 31. Rb8 Qc2 32. Qxh5 Qe4 33. Qf7 1-0

[Event "Bundesliga 2021-22"]
[Site "Augsburg GER"]
[Date "2022.04.10"]
[Round "4.1"]
[Board "3"]
[White "Gajewski, Grzegorz"]
[Black "Edouard, Romain"]
[Result "1/2-1/2"]
[WhiteTitle "GM"]
[BlackTitle "GM"]
[WhiteElo "2589"]
[BlackElo "2591"]
[WhiteTeam "USV TU Dresden"]
[BlackTeam "SV Werder Bremen"]
[WhiteFideId "1116207"]
[BlackFideId "633429"]
[EventDate "2022.03.05"]

1. d4 d5 2. c4 dxc4 3. e4 Nf6 4. e5 Nd5 5. Bxc4 Nb6 6. Bd3 Nc6 7. Be3 Nb4 8. Be4
f5 9. a3 N4d5 10. Bxd5 Nxd5 11. Ne2 c6 12. Nbc3 Nxe3 13. fxe3 g6 14. Nf4 Bh6 15.
Qf3 Qb6 16. Nce2 Qb3 17. Qh3 Bg7 18. O-O Qf7 19. Qg3 Bh6 20. Qh3 Bg7 21. Nc3 O-O
22. Qg3 Bh6 23. h4 Be6 24. Nh3 Qg7 25. Ng5 Bxg5 26. hxg5 Rad8 27. Rf4 Rd7 28. b4
Rfd8 29. Rc1 b6 30. Ne2 Bd5 31. Rf2 e6 32. Nf4 Qe7 33. Rfc2 Qe8 34. Qf2 Rc7 35.
Rc3 Rdc8 36. a4 Qe7 37. b5 c5 38. dxc5 Rxc5 39. Qd2 Kf7 40. Qd4 Rxc3 41. Rxc3
Rxc3 42. Qxc3 Qxg5 43. Qc8 Qg3 44. Qc7+ Kg8 45. Qb8+ Kg7 46. Qxa7+ Kh6 47. Qxb6
g5 48. Nxd5 Qe1+ 49. Kh2 Qh4+ 1/2-1/2

[Event "Bundesliga 2021-22"]
[Site "Augsburg GER"]
[Date "2022.04.10"]
[Round "4.1"]
[Board "5"]
[White "Boensch, Uwe"]
[Black "Grigorian, Spartak"]
[Result "0-1"]
[WhiteTitle "GM"]
[BlackTitle "IM"]
[WhiteElo "2494"]
[BlackElo "2472"]
[WhiteTeam "USV TU Dresden"]
[BlackTeam "SV Werder Bremen"]
[WhiteFideId "4611268"]
[BlackFideId "24661490"]
[EventDate "2022.03.05"]

1. d4 Nf6 2. c4 e6 3. Nc3 Bb4 4. e3 O-O 5. Bd2 b6 6. Nf3 d5 7. cxd5 exd5 8. Bd3
Bd6 9. Qc2 Re8 10. Nb5 Ba6 11. Nxd6 Bxd3 12. Qxd3 Qxd6 13. O-O Ne4 14. Rac1 Nd7
15. Rc2 Rac8 16. Rfc1 c5 17. b3 Nf8 18. dxc5 bxc5 19. Ba5 Nd7 20. Nd2 Nxf2 21.
Kxf2 Ne5 22. Qf5 g6 23. Qh3 Nd3+ 24. Kg1 Nxc1 25. Rxc1 Qa6 26. b4 cxb4 27. Rxc8
Rxc8 28. Bxb4 Rc1+ 29. Kf2 Qb6 30. Nb3 Rc2+ 31. Bd2 a5 32. Qd7 Rxa2 33. Kg3 Qb8+
34. Kh3 a4 0-1

[Event "Bundesliga 2021-22"]
[Site "Augsburg GER"]
[Date "2022.04.10"]
[Round "4.1"]
[Board "6"]
[White "Markgraf, Alexander"]
[Black "Maiwald, Jens-Uwe"]
[Result "1/2-1/2"]
[WhiteTitle "IM"]
[BlackTitle "GM"]
[WhiteElo "2482"]
[BlackElo "2426"]
[WhiteTeam "SV Werder Bremen"]
[BlackTeam "USV TU Dresden"]
[WhiteFideId "4646410"]
[BlackFideId "4612396"]
[EventDate "2022.03.05"]

1. e4 c5 2. Nf3 e6 3. d4 cxd4 4. Nxd4 Nc6 5. Nc3 Qc7 6. Be3 a6 7. Qd2 Nf6 8.
O-O-O Bb4 9. f3 Ne7 10. Nde2 b5 11. Kb1 Ba5 12. Bf4 e5 13. Bg5 h5 14. Qd3 Bb7
15. Bxf6 gxf6 16. Nd5 Nxd5 17. exd5 h4 18. Nc1 d6 19. Qe4 Bc8 20. Bd3 f5 21. Qe2
Rg8 22. g3 Bb6 23. c3 Qc5 24. Qc2 Qf2 25. Ne2 Ke7 26. Rdf1 Qg2 27. Qd2 hxg3 28.
hxg3 Rxg3 29. Qe1 Rxf3 30. Qh4+ Ke8 31. Rxf3 Qxf3 32. Qh8+ Ke7 33. Qh4+ Ke8 34.
Qh8+ Ke7 35. Qh4+ 1/2-1/2

[Event "Bundesliga 2021-22"]
[Site "Augsburg GER"]
[Date "2022.04.10"]
[Round "4.1"]
[Board "7"]
[White "Hoffmann, Paul"]
[Black "Reuker, Jari"]
[Result "0-1"]
[WhiteTitle "IM"]
[WhiteElo "2378"]
[BlackElo "2425"]
[WhiteTeam "USV TU Dresden"]
[BlackTeam "SV Werder Bremen"]
[WhiteFideId "4664450"]
[BlackFideId "12909300"]
[EventDate "2022.03.05"]

1. e4 c6 2. d4 d5 3. Nc3 dxe4 4. Nxe4 Bf5 5. Ng3 Bg6 6. Nf3 Nd7 7. h4 h6 8. h5
Bh7 9. Bd3 Bxd3 10. Qxd3 e6 11. Bf4 Qa5+ 12. Bd2 Bb4 13. c3 Be7 14. c4 Qa6 15.
O-O Ngf6 16. a4 c5 17. Rfe1 O-O 18. b4 cxb4 19. Qb3 Rfc8 20. Rec1 Bd6 21. Bxb4
Bxg3 22. fxg3 Nxh5 23. g4 Nf4 24. Rc2 Nf6 25. Bd2 Ng6 26. g5 hxg5 27. Bxg5 Ne4
28. Re1 Qc6 29. Bc1 Nd6 30. c5 Nf5 31. g4 Nfe7 32. Ng5 Qd5 33. Qh3 e5 34. dxe5
Rxc5 35. Rf2 Rxc1 36. Rxc1 Nxe5 37. Qh7+ Kf8 38. Rcf1 f6 39. Qh5 N7g6 40. Qh3
Re8 41. Qc3 Kg8 42. Nf3 Nxg4 43. Rd2 Qh5 44. Qc4+ Kh7 45. Qb5 N6e5 46. Qxb7 Nc4
47. Rd7 Qh6 48. Qc7 Nce3 49. Re1 Re5 50. Rxg7+ Qxg7 51. Qxg7+ Kxg7 52. Nxe5 fxe5
53. Rc1 Kf6 54. Rc7 e4 55. Rxa7 Nd5 56. Rh7 e3 57. Kf1 Nf4 58. a5 Kf5 59. a6 e2+
60. Ke1 Ne5 61. Rh1 Ke4 62. Kf2 Ned3+ 63. Kg3 Nd5 64. a7 Nb6 65. Rb1 Na8 66. Kh2
Kf3 67. Ra1 Ke3 68. Kg3 Nc7 69. Kg2 Na8 70. Kg3 Nb6 71. Kg2 Nf4+ 72. Kg3 Nfd5
73. Ra3+ Nc3 74. Ra1 Nd1 75. Ra3+ Kd4 76. Ra4+ Kd5 77. Ra5+ 0-1

[Event "Bundesliga 2021-22"]
[Site "Augsburg GER"]
[Date "2022.04.10"]
[Round "4.2"]
[Board "1"]
[White "Postny, Evgeny"]
[Black "Moiseenko, Alexander"]
[Result "1/2-1/2"]
[WhiteTitle "GM"]
[BlackTitle "GM"]
[WhiteElo "2568"]
[BlackElo "2602"]
[WhiteTeam "BCA Augsburg"]
[BlackTeam "SV Muelheim Nord"]
[WhiteFideId "2804344"]
[BlackFideId "14102560"]
[EventDate "2022.03.05"]

1. d4 d5 2. c4 dxc4 3. e3 e5 4. Bxc4 exd4 5. Nf3 Bb4+ 6. Bd2 Bxd2+ 7. Qxd2 Nc6
8. O-O Nf6 9. exd4 O-O 10. d5 Ne7 11. Nc3 a6 12. Bb3 Qd6 13. Rfe1 Ng6 14. h3 h6
15. Rac1 Bd7 16. Bc2 Rfe8 17. Bxg6 fxg6 18. Qd4 Rxe1+ 19. Rxe1 Re8 20. Ne4 Nxe4
21. Rxe4 Rxe4 22. Qxe4 Bf5 23. Qd4 Bb1 24. b3 Bf5 25. g4 Bc8 26. Qe4 g5 27. Ne5
Qe7 28. Qd4 b6 29. Nc6 Qe8 30. Qc4 Kh8 31. Kf1 Bb7 32. a4 a5 33. Qc2 Ba6+ 34.
Kg2 Qe1 35. Qf5 Bf1+ 36. Kh2 Qc3 37. Qf8+ Kh7 38. Qf5+ Kh8 39. Qf8+ Kh7 40. Qf5+ 1/2-1/2

[Event "Bundesliga 2021-22"]
[Site "Augsburg GER"]
[Date "2022.04.10"]
[Round "4.2"]
[Board "2"]
[White "Fridman, Daniel"]
[Black "Prusikin, Michael"]
[Result "1/2-1/2"]
[WhiteTitle "GM"]
[BlackTitle "GM"]
[WhiteElo "2628"]
[BlackElo "2541"]
[WhiteTeam "SV Muelheim Nord"]
[BlackTeam "BCA Augsburg"]
[WhiteFideId "11600454"]
[BlackFideId "4642325"]
[EventDate "2022.03.05"]

1. Nf3 d5 2. c4 d4 3. g3 Nc6 4. Bg2 e5 5. d3 Bd6 6. O-O Nf6 7. Na3 O-O 8. Bg5
Bxa3 9. bxa3 h6 10. Bc1 Re8 11. Rb1 Rb8 12. Re1 b6 13. Nd2 Bb7 14. Nb3 Qd7 15.
e3 dxe3 16. Bxe3 Nd8 17. Bxb7 Nxb7 18. d4 Qh3 19. Qf3 Nd6 20. dxe5 Rxe5 21. c5
Nf5 22. cxb6 axb6 23. Bf4 Nh4 24. Qh1 Rf5 25. Re3 Rxf4 26. gxf4 Qg4+ 27. Kf1
Qxf4 28. Rbe1 Rd8 29. h3 Rd5 30. Rc3 Rf5 31. Re2 c5 32. Qg1 Rg5 33. Rg3 c4 34.
Rxg5 hxg5 35. Qg3 Qf5 36. Nd2 Qd5 37. f4 c3 38. Qxc3 Qh1+ 39. Kf2 gxf4 40. Qd3
Qg2+ 41. Ke1 Qg1+ 42. Nf1 g6 43. Rc2 Kg7 44. Kd2 Nf5 45. Kc3 Nd7 46. Qxd7 Qxf1
47. Qd3 Qa1+ 48. Kd2 Qg1 49. Rc4 Qg2+ 50. Qe2 Qd5+ 51. Qd3 Qg2+ 52. Qe2 Qd5+ 53.
Qd3 Qg2+ 1/2-1/2

[Event "Bundesliga 2021-22"]
[Site "Augsburg GER"]
[Date "2022.04.10"]
[Round "4.2"]
[Board "3"]
[White "Nestorovic, Nikola"]
[Black "Neiksans, Arturs"]
[Result "1/2-1/2"]
[WhiteTitle "GM"]
[BlackTitle "GM"]
[WhiteElo "2456"]
[BlackElo "2577"]
[WhiteTeam "BCA Augsburg"]
[BlackTeam "SV Muelheim Nord"]
[WhiteFideId "934526"]
[BlackFideId "11601388"]
[EventDate "2022.03.05"]

1. d4 d5 2. Nf3 e6 3. Bg5 Be7 4. h4 h6 5. Bf4 c5 6. c3 Bd6 7. e3 Qc7 8. Bxd6
Qxd6 9. dxc5 Qxc5 10. Qd4 Qxd4 11. cxd4 Nf6 12. Ne5 Bd7 13. Nc3 Nc6 14. Nxd7
Nxd7 15. Kd2 Ke7 16. Be2 Rac8 17. Rhc1 Rhd8 18. Bb5 a6 19. Bxc6 Rxc6 20. Ne2
Rdc8 1/2-1/2

[Event "Bundesliga 2021-22"]
[Site "Augsburg GER"]
[Date "2022.04.10"]
[Round "4.2"]
[Board "4"]
[White "Dardha, Daniel"]
[Black "Rozentalis, Eduardas"]
[Result "0-1"]
[WhiteTitle "GM"]
[BlackTitle "GM"]
[WhiteElo "2540"]
[BlackElo "2539"]
[WhiteTeam "SV Muelheim Nord"]
[BlackTeam "BCA Augsburg"]
[WhiteFideId "240990"]
[BlackFideId "12800023"]
[EventDate "2022.03.05"]

1. d4 Nf6 2. c4 e6 3. g3 Bb4+ 4. Bd2 c5 5. Bxb4 cxb4 6. Bg2 d5 7. Nd2 O-O 8.
Ngf3 Nc6 9. Qc2 a5 10. O-O Bd7 11. Rac1 Rc8 12. Qd3 b6 13. Rfd1 Qe7 14. Ne5 Rfd8
15. Nxd7 Qxd7 16. e3 g6 17. cxd5 exd5 18. Qb5 Qb7 19. Nc4 Rb8 20. Ne5 Na7 21.
Qe2 Rbc8 22. h4 Rxc1 23. Rxc1 Rc8 24. Rxc8+ Nxc8 25. g4 Nd6 26. g5 Nfe4 27. Qg4
Qe7 28. f3 Nd2 29. Qf4 N2c4 30. Ng4 Nf5 31. h5 Qd6 32. Qxd6 Nfxd6 33. b3 gxh5
34. Nf6+ Kf8 35. Nxd5 Na3 36. Nxb6 Nab5 37. d5 Nc3 38. e4 Nxa2 39. e5 Nb5 40. d6
Nac3 41. Kf2 Nd4 42. Bh3 Ke8 43. f4 Nxb3 44. f5 a4 45. Ke3 Nc5 46. Kd4 a3 47. g6
hxg6 48. fxg6 fxg6 49. Kxc5 a2 50. Bd7+ Kf8 51. e6 Ne4+ 52. Kc6 a1=Q 53. e7+ Kg7
54. Be6 Qe5 55. e8=N+ Kh6 0-1

[Event "Bundesliga 2021-22"]
[Site "Augsburg GER"]
[Date "2022.04.10"]
[Round "4.2"]
[Board "5"]
[White "Stankovic, Milos"]
[Black "Novikov, Igor"]
[Result "1/2-1/2"]
[WhiteTitle "IM"]
[BlackTitle "GM"]
[WhiteElo "2435"]
[BlackElo "2551"]
[WhiteTeam "BCA Augsburg"]
[BlackTeam "SV Muelheim Nord"]
[WhiteFideId "938190"]
[BlackFideId "14100037"]
[EventDate "2022.03.05"]

1. e4 c5 2. Nc3 d6 3. Bb5+ Bd7 4. Bxd7+ Qxd7 5. d4 cxd4 6. Qxd4 Nc6 7. Qd3 g6 8.
Nf3 Bg7 9. O-O Nf6 10. Nd5 O-O 11. Bg5 Nh5 12. c3 e6 13. Ne3 f6 14. Bh4 Rfd8 15.
Rad1 Qe7 16. Nd4 Nf4 17. Nxc6 bxc6 18. Qc4 Rac8 19. Qd3 Ra8 20. Qc4 Rac8 21. Bg3
d5 22. exd5 Nxd5 23. Nc2 Qf7 24. Rfe1 Bf8 25. Qa6 e5 26. a3 1/2-1/2

[Event "Bundesliga 2021-22"]
[Site "Augsburg GER"]
[Date "2022.04.10"]
[Round "4.2"]
[Board "6"]
[White "Zelbel, Patrick"]
[Black "Braeuer, Franz"]
[Result "1/2-1/2"]
[WhiteTitle "IM"]
[BlackTitle "IM"]
[WhiteElo "2458"]
[BlackElo "2428"]
[WhiteTeam "SV Muelheim Nord"]
[BlackTeam "BCA Augsburg"]
[WhiteFideId "24624322"]
[BlackFideId "24634468"]
[EventDate "2022.03.05"]

1. e4 e5 2. Nf3 Nc6 3. Bb5 a6 4. Ba4 Nf6 5. O-O Be7 6. d3 b5 7. Bb3 O-O 8. Nc3
d6 9. a3 h6 10. h3 Na5 11. Ba2 c5 12. Nd5 Nc6 13. c3 Be6 14. Nh4 Rc8 15. Nf5
Bxf5 16. exf5 Nxd5 17. Bxd5 Bf6 18. f4 Ne7 19. Ba2 c4 20. fxe5 dxe5 21. Qg4 h5
22. Qxh5 cxd3 23. Bd2 Nd5 24. Rae1 Nf4 25. Bxf4 exf4 26. Rxf4 d2 27. Rd1 Qb6+
28. Kh1 Qe3 29. Rff1 Rcd8 30. Bb3 Rd7 31. Qf3 Qe5 32. Qf4 Qe2 33. Qf3 Qe5 34.
Qf4 Qe2 35. Qf3 Qe5 1/2-1/2

[Event "Bundesliga 2021-22"]
[Site "Augsburg GER"]
[Date "2022.04.10"]
[Round "4.2"]
[Board "7"]
[White "Costa, Leonardo"]
[Black "Buckels, Valentin"]
[Result "0-1"]
[WhiteTitle "FM"]
[BlackTitle "IM"]
[WhiteElo "2320"]
[BlackElo "2454"]
[WhiteTeam "BCA Augsburg"]
[BlackTeam "SV Muelheim Nord"]
[WhiteFideId "16213955"]
[BlackFideId "12942766"]
[EventDate "2022.03.05"]

1. e4 c6 2. d4 d5 3. e5 Bf5 4. Nd2 e6 5. Nb3 Nd7 6. Nf3 Qc7 7. Be2 f6 8. Bf4
O-O-O 9. Bg3 fxe5 10. Nxe5 Nxe5 11. Bxe5 Bd6 12. Bxd6 Qxd6 13. O-O Nf6 14. Re1
h5 15. Qd2 Rde8 16. Rac1 Be4 17. Nc5 Ng4 18. g3 Bf5 19. Qa5 Qb8 20. c4 Nxf2 21.
Kxf2 h4 22. Rh1 Ref8 23. Ke1 hxg3 24. cxd5 g2 25. Rg1 Qxh2 26. Kd2 Qf4+ 27. Kc3
Rh3+ 28. Bd3 Bxd3 29. Nxd3 Qe4 30. Rcd1 Rff3 0-1

[Event "Bundesliga 2021-22"]
[Site "Augsburg GER"]
[Date "2022.04.10"]
[Round "4.2"]
[Board "8"]
[White "Hausrath, Daniel"]
[Black "Pitl, Gregory"]
[Result "1-0"]
[WhiteTitle "GM"]
[BlackTitle "IM"]
[WhiteElo "2480"]
[BlackElo "2379"]
[WhiteTeam "SV Muelheim Nord"]
[BlackTeam "BCA Augsburg"]
[WhiteFideId "4617495"]
[BlackFideId "4651693"]
[EventDate "2022.03.05"]

1. Nf3 d5 2. g3 Nf6 3. Bg2 c6 4. c4 Bf5 5. Qb3 Qb6 6. d3 dxc4 7. Qxc4 Nbd7 8.
O-O e5 9. Ng5 Bg6 10. Be3 Qxb2 11. Nd2 Qa3 12. Rab1 Bc5 13. Bxc5 Qxc5 14. Rxb7
O-O 15. Bxc6 Qa5 16. Nb3 Qxa2 17. Bxd7 Qxe2 18. Nc1 Qh5 19. Qh4 Qxh4 20. gxh4
Rfd8 21. Bb5 Rd4 22. f3 Rxh4 23. Bc4 a5 24. Ne2 h6 25. Ne4 1-0

[Event "Bundesliga 2021-22"]
[Site "Aachen GER"]
[Date "2022.04.10"]
[Round "4.3"]
[Board "1"]
[White "Haria, Ravi"]
[Black "Vachier-Lagrave, Maxime"]
[Result "1/2-1/2"]
[WhiteTitle "GM"]
[BlackTitle "GM"]
[WhiteElo "2499"]
[BlackElo "2761"]
[WhiteTeam "Duesseldorfer SK"]
[BlackTeam "OSG Baden-Baden"]
[WhiteFideId "415820"]
[BlackFideId "623539"]
[EventDate "2022.03.05"]

1. e4 c5 2. Nf3 d6 3. Bb5+ Bd7 4. Bxd7+ Qxd7 5. O-O Nc6 6. c3 d5 7. exd5 Qxd5 8.
d4 e6 9. Be3 Nf6 10. dxc5 O-O-O 11. Qxd5 Nxd5 12. b4 Be7 13. a3 Bf6 14. Ra2 Rd7
15. Nd4 Nxc3 16. Nxc3 Bxd4 17. Ne4 Bxe3 18. fxe3 Ne5 19. Kf2 f6 20. Ke2 Rhd8 21.
Nd6+ Kb8 22. Rc2 b6 1/2-1/2

[Event "Bundesliga 2021-22"]
[Site "Aachen GER"]
[Date "2022.04.10"]
[Round "4.3"]
[Board "2"]
[White "Adams, Michael"]
[Black "Levin, Felix"]
[Result "1/2-1/2"]
[WhiteTitle "GM"]
[BlackTitle "GM"]
[WhiteElo "2698"]
[BlackElo "2456"]
[WhiteTeam "OSG Baden-Baden"]
[BlackTeam "Duesseldorfer SK"]
[WhiteFideId "400041"]
[BlackFideId "4650905"]
[EventDate "2022.03.05"]

1. e4 e5 2. Nf3 Nc6 3. Bc4 Bc5 4. c3 Nf6 5. d3 d6 6. a4 a5 7. O-O h6 8. Re1 O-O
9. Nbd2 Bb6 10. Nf1 Ne7 11. Ng3 Ng6 12. Bb3 c6 13. h3 d5 14. exd5 Nxd5 15. d4
exd4 16. Nxd4 Bd7 17. Bxd5 cxd5 18. Be3 Bc7 19. Ndf5 Re8 20. Bd4 Rxe1+ 21. Qxe1
Bxg3 22. Nxg3 Qg5 23. Be3 Qe5 24. Qd2 Bc6 25. b3 Nh4 26. Bd4 Qg5 27. Qd3 f5 28.
f4 Qxf4 29. Nh5 Qg5 30. Qg3 Qxg3 31. Nxg3 g5 32. Ne2 f4 33. Bf2 Nf5 34. Nd4 Nd6
35. Nxc6 bxc6 36. b4 Kf7 37. Bd4 Ke6 38. Bb6 axb4 39. cxb4 Ne4 40. a5 Ra6 41.
Rc1 Kd7 42. Kf1 Ra8 1/2-1/2

[Event "Bundesliga 2021-22"]
[Site "Aachen GER"]
[Date "2022.04.10"]
[Round "4.3"]
[Board "3"]
[White "Vaisser, Anatoly"]
[Black "Kasimdzhanov, Rustam"]
[Result "0-1"]
[WhiteTitle "GM"]
[BlackTitle "GM"]
[WhiteElo "2486"]
[BlackElo "2659"]
[WhiteTeam "Duesseldorfer SK"]
[BlackTeam "OSG Baden-Baden"]
[WhiteFideId "603252"]
[BlackFideId "14200244"]
[EventDate "2022.03.05"]

1. d4 d5 2. c4 e6 3. Nc3 Be7 4. cxd5 exd5 5. Bf4 c6 6. e3 Bf5 7. Nge2 Nd7 8. f3
Bg6 9. Bg3 Ngf6 10. Nf4 Nh5 11. Nxg6 hxg6 12. Bf2 Bd6 13. Bd3 Ng3 14. Rg1 Rxh2
15. e4 Nh1 16. Be3 Qh4+ 17. Kd2 Nf2 18. Qf1 Nxd3 19. Kxd3 Nb6 20. exd5 Nxd5 21.
Nxd5 cxd5 22. Qe1 Qxe1 23. Raxe1 Kd7 24. Re2 Re8 25. Rc1 g5 26. Rcc2 f6 27. g4
Rh3 28. Rf2 Rh1 29. Bd2 Reh8 30. Rc1 Rxc1 31. Bxc1 Rh1 32. Bd2 Bf4 33. Bc3 Rg1
34. Ke2 Bg3 35. Rf1 Rg2+ 36. Kd3 Rh2 37. Rc1 Rf2 38. Ke3 Rh2 39. Kd3 Bd6 40. Rc2
Rh3 41. Rf2 Ke6 42. Ke2 f5 43. Rg2 Bf4 44. Be1 Rh1 45. Bc3 Rh3 46. Be1 Kf7 47.
Bf2 fxg4 48. fxg4 Bc1 49. Rg1 Bf4 50. Rd1 Rh6 51. Rd3 Rb6 52. b3 Rc6 53. a4 Ke6
54. Be3 Kd7 55. Bf2 Kc7 56. Kf3 Kd7 57. Be1 Rf6 58. Kg2 Re6 59. Bf2 Rc6 60. Rh3
Rc2 61. Kf1 Rc1+ 62. Ke2 Rc2+ 63. Kf1 Rb2 64. Be1 Bd6 65. Rf3 Be7 66. Bf2 Bf6
67. Rd3 Rc2 68. Kg2 Kc6 69. Kf3 b5 70. axb5+ Kxb5 71. Be1 Rc1 72. Ke2 Rc8 73.
Bd2 Re8+ 74. Re3 Rh8 75. Kd3 Rh4 76. Rg3 Rh2 77. Bc3 Rh1 78. Rg2 Rh3+ 79. Kc2
Rf3 80. Rg1 Bd8 81. Bd2 Bb6 82. Bc3 Rf4 83. Kd3 Rf3+ 84. Kc2 Kc6 85. Rg2 Rf4 86.
Kd3 Rf3+ 87. Kc2 Kb5 88. Re2 Rg3 89. Re5 Rxg4 90. Rxd5+ Kc6 91. Rf5 g6 92. Rf6+
Kd5 93. Rxg6 Rg2+ 94. Bd2 g4 95. Kd3 Rg3+ 96. Be3 Bxd4 97. Rg5+ Be5 98. Ke2 Ke4
99. Bxa7 Rg2+ 100. Kf1 Ra2 101. Rxg4+ Kf3 102. Ra4 Rd2 103. Ke1 Rd3 104. Ra2
Bc3+ 0-1

[Event "Bundesliga 2021-22"]
[Site "Aachen GER"]
[Date "2022.04.10"]
[Round "4.3"]
[Board "4"]
[White "Naiditsch, Arkadij"]
[Black "Stark, Lars"]
[Result "1-0"]
[WhiteTitle "GM"]
[BlackTitle "IM"]
[WhiteElo "2648"]
[BlackElo "2386"]
[WhiteTeam "OSG Baden-Baden"]
[BlackTeam "Duesseldorfer SK"]
[WhiteFideId "4650891"]
[BlackFideId "4676386"]
[EventDate "2022.03.05"]

1. d4 Nf6 2. Nf3 e6 3. g3 d5 4. Bg2 Be7 5. O-O Nbd7 6. a4 a5 7. b3 O-O 8. Bb2 c6
9. Nbd2 b6 10. Ne5 Bb7 11. e3 Rc8 12. Rc1 Bb4 13. c3 Bd6 14. f4 c5 15. Qe2 Qe7
16. g4 Ne4 17. Nxe4 dxe4 18. Nc4 Bc7 19. Na3 Qh4 20. Nb5 Bb8 21. h3 f5 22. Qe1
Qe7 23. g5 Bd5 24. c4 Bc6 25. h4 Bxb5 26. axb5 Bd6 27. Rc2 a4 28. bxa4 Ra8 29.
Qa1 Ra7 30. Bc3 cxd4 31. exd4 Bb4 32. Rb1 Bxc3 33. Qxc3 Rxa4 34. c5 Rc8 35. c6
Qd6 36. Rd2 Nf8 37. d5 exd5 38. Qb3 Ra3 39. Qxd5+ Qxd5 40. Rxd5 g6 41. Bf1 Rc3
42. Rd6 Kf7 43. Ra1 Ke7 44. Rdd1 1-0